000 01292nam a2200325 i 4500
003 DO-SdBNP
005 20250305082204.0
007 ta
008 250305b200- dr a | || 000 0 spa d
040 _aDO-SdBNP
_bspa
_cBNPHU
_erda
082 4 _a346.0482
_bR426L
_222
110 1 _aRepública Dominicana.
_9447
240 1 3 _a[Leyes, etc.]
245 1 3 _aLey 65-00 sobre derecho de autor (de fecha 26 de julio del 2000) :
_b(mod. por las leyes 424-06, 493-06 y 2-07 con anotaciones al pies) /
246 1 3 _aReglamento de aplicación no. 362-01 de la ley 65-00 sobre derecho de autor.
264 _aSanto Domingo :
_bEditora Dalis,
_bLibrería Delma,
_c[200-].
300 _a112 páginas ;
_c21 cm.
336 _atexto
_btxt
_2rdacontent
337 _asin mediación
_bn
_2rdamedia
338 _avolumen
_bnc
_2rdacarrier
500 _aIncluye referencias bibliográficas y notas al pie de las páginas
500 _aPromulgada el 21 de agosto del 2000.
590 _aInventariado, 2025/ YL
650 4 _aDerechos de autor
_xLegislación
_98397
650 4 _aDerecho y arte
_961899
651 4 _aRepública Dominicana
_xLey 65-00
_961900
710 1 _aRepública Dominicana.
_bMinisterio de Cultura.
_bOficina Nacional de Derecho de Autor
_961901
910 _aYLockward
942 _2ddc
_cLBS1
999 _c58300
_d58300